| 000 | 00460nam a22001817a 4500 | ||
|---|---|---|---|
| 003 | OSt | ||
| 008 | 230419b |||||||| |||| 00| 0 eng d | ||
| 020 | _a9780702081545 | ||
| 082 | _a615.19 TAP | ||
| 100 | _aTaylor Kevin M(ed) | ||
| 245 | _aPharmaceutics: The Design and Manufacture of Medicines | ||
| 250 | _a6th Ed | ||
| 260 |
_aNew Delhi _bElsevier _c2023 |
||
| 300 | _a946 | ||
| 650 | _aPharmaceutics | ||
| 700 | _aAulton, Michael.E | ||
| 942 |
_2ddc _cBK |
||
| 999 |
_c11975 _d11975 |
||